000 00564nam a2200181Ia 4500
003 OSt
005 20240216144331.0
008 210210b1934 xxu||||| |||| 00| 0 eng d
040 _cAL
041 _aKannada
082 _a852/226
100 _aGURUBASAVAPPA FAKIRAPPA ಗುರು ಬಸವಪ್ಪಾ ಫಕೀರಪ್ಪಾ
_9151787
245 _aAmbigara Chaudayyana Vachanagalu
_bಅಂಬಿಗರ ಚೌಡಯ್ಯನ ವಚನಗಳು
260 _aMangaluru
_b-
_c1934
690 _aKannada Prose
_9151788
906 _a018794
942 _2ddc
_cBK
999 _c142348
_d142348